000 00308nam a2200133Ia 4500
008 191201s2007 xx 000 0 und d
082 _a658.8
_bJOI
100 _aJoshi,Rakesh Mohan
245 0 _aInternational Marketing
260 _aN.Delhi
_bOxford
_c2007
300 _a-
650 _aMBA
942 _2ddc
_cBK
999 _c2976
_d2976